00550nam a22001577a 4500003000900000008004100009040007100050082002200121100001700143245003100160260002800191300002800219440003800247505009500285650001200380AR-CdUCM190411b           ||||| |||| 00| 0 spa d  aMUNICIPALIDAD PROVINCIAL DEL CUSCOcBIBLIOTECA MUNICIPAL DEL CUSCO  a340 /bS78 / 1925  aStammler, R.  aLa génesis del derecho /  aMadrid :bCalpe,c1925.  a142 páginas ;c19 cm.  aBreviarios de ciencias y letras ;  aContenido: Como puede surgir el derecho -- La vigencia del derecho -- El derecho positivo.  aDerecho